000
00236nam a2200085Ia 4500
245
0
_a
Mbhombhela
100
_a
MARHANELE, M M. Elim Hospital [South Africa], 2011
_9
79511
942
_c
BK
008
210817s9999 xx 000 0 und d
999
_c
277384
_d
277383